000 00265nam a2200109Ia 4500
008 220204s9999 xx 000 0 und d
082 _a656
_bBAG
100 _aBabkov, V F
245 0 _aRoad conditions and traffic safety
260 _aMoscow
_bMir
_c1975
942 _cBK
999 _c24132
_d24132